ICTs community access development : (Record no. 146868)

MARC details
000 -LEADER
fixed length control field 00630nam a22001817a 4500
005 - DATE AND TIME OF LATEST TRANSACTION
control field 20171026143948.0
010 ## - LCCN (DPL NO)
LC control number ENG-120914
020 ## - INTERNATIONAL STANDARD BOOK NUMBER
International Standard Book Number 978950020593
Terms of availability 495.00
035 ## - SYSTEM CONTROL NUMBER
System control number EN-104446
037 ## - SOURCE OF ACQUISITION
Source of stock number/acquisition DBAD/PUB
082 ## - DEWEY DECIMAL CLASSIFICATION NUMBER
Classification number 303.4833091724
245 ## - TITLE STATEMENT
Title ICTs community access development :
Statement of responsibility, etc by ITU
Remainder of title case studies from six development countries /
260 ## - PUBLICATION, DISTRIBUTION, ETC. (IMPRINT)
Place of publication, distribution, etc New Delhi
Name of publisher, distributor, etc Aakar Books
Date of publication, distribution, etc 2010
270 ## - ADDRESS
Address 28E,PKT.IV,Mayur Vihar Phase-I
City Delhi
Postal code 110091
300 ## - PHYSICAL DESCRIPTION
Extent 219p. :
Dimensions 23cm (Hb)
Other physical details ill.(maps) (col.)
500 ## - GENERAL NOTE
General note Includes bibliographical references and index
942 ## - ADDED ENTRY ELEMENTS (KOHA)
Source of classification or shelving scheme Dewey Decimal Classification
Item type English Books
Classification part 303.4833091724
Call number suffix ICT
Holdings
Withdrawn status Lost status Not for loan Collection code Home library Current library Date acquired Source of acquisition Cost, normal purchase price Full call number Barcode Copy number Cost, replacement price Koha item type
    Not For Loan Non-fiction D.B.Act.Division D.B.Act.Division 26/10/2017 DBAD/PUB 495.00 303.4833091724 ICT EN-104446 1 495.00 English Books

© Delhi Public Library
Hit Counter
free hit counter